[Event "Olympiad U16"]
[Site "Ahmedabad IND"]
[Date "2017.12.16"]
[Round "6.3"]
[White "Rakesh, Kumar Jena"]
[Black "Rodrigue-Lemieux, Shawn"]
[Result "1-0"]
[WhiteElo "2394"]
[BlackElo "2137"]
[PlyCount "59"]
[EventDate "2017.12.11"]
[EventType "team"]
[EventRounds "9"]
[EventCountry "IND"]
[Source "Chess Mix"]
[SourceDate "2017.12.20"]
[WhiteTeam "India Blue"]
[BlackTeam "Canada"]
[BlackTeamCountry "CAN"]

1. e4 c6 2. Nc3 d5 3. Nf3 Bg4 4. h3 Bxf3 5. Qxf3 e6 6. d3 Nd7 7. Bd2 g6 8.
O-O-O Bg7 9. g4 Ne7 10. h4 h6 11. Qg3 Qb6 12. f4 O-O-O 13. e5 g5 14. fxg5 hxg5
15. Bxg5 Bxe5 16. Qe1 f6 17. Bd2 Rdg8 18. Bh3 c5 19. g5 f5 20. Bg2 Nc6 21. h5
Kb8 22. g6 c4 23. dxc4 Na5 24. Na4 Qc6 25. Bxa5 Qxa4 26. Bc3 d4 27. Bxd4 Bf4+
28. Kb1 e5 29. Bc3 Rd8 30. b3 1-0

[Event "Olympiad U16"]
[Site "Ahmedabad IND"]
[Date "2017.12.16"]
[Round "7.3"]
[White "Rodrigue-Lemieux, Shawn"]
[Black "Kapitanchuk, Tomas"]
[Result "1/2-1/2"]
[WhiteElo "2137"]
[BlackElo "2134"]
[PlyCount "103"]
[EventDate "2017.12.11"]
[EventType "team"]
[EventRounds "9"]
[EventCountry "IND"]
[Source "Chess Mix"]
[SourceDate "2017.12.20"]
[WhiteTeam "Canada"]
[BlackTeam "Argentina"]
[WhiteTeamCountry "CAN"]
[BlackTeamCountry "ARG"]

1. e4 c5 2. b3 Nc6 3. Bb2 e5 4. Nf3 d6 5. c3 Nf6 6. d3 g6 7. Nbd2 Bg7 8. d4
exd4 9. cxd4 cxd4 10. Bb5 O-O 11. O-O Bg4 12. Bxc6 bxc6 13. Bxd4 Re8 14. Re1 d5
15. e5 Nd7 16. h3 Bxf3 17. Nxf3 c5 18. Bb2 d4 19. Rc1 Rc8 20. b4 Nxe5 21. Nxe5
Rxe5 22. Rxe5 Bxe5 23. bxc5 Qd5 24. Qa4 Rxc5 25. Rxc5 Qxc5 26. Qe8+ Kg7 27. Ba3
Qc7 28. Qf8+ Kf6 29. g4 Qd7 30. Qc5 d3 31. g5+ Kf5 32. Bc1 Ke6 33. Be3 Bd6 34.
Qc3 Qd8 35. Kf1 Be5 36. Qc6+ Qd6 37. Qe8+ Qe7 38. Qc6+ Qd6 39. Qe8+ Qe7 40.
Qc6+ Bd6 41. Qc4+ Kd7 42. Qxd3 Qe5 43. Qb3 Qf5 44. Bxa7 Qf4 45. Qb7+ Bc7 46.
Be3 Qc4+ 47. Kg2 Qxa2 48. Qb5+ Kd8 49. Qc6 Qe6 50. Qxe6 fxe6 51. Kf3 Kd7 52.
Ke4 1/2-1/2

[Event "Olympiad U16"]
[Site "Ahmedabad IND"]
[Date "2017.12.17"]
[Round "8.2"]
[White "Akib, Jawad"]
[Black "Rodrigue-Lemieux, Shawn"]
[Result "0-1"]
[WhiteElo "1918"]
[BlackElo "2137"]
[PlyCount "102"]
[EventDate "2017.12.11"]
[EventType "team"]
[EventRounds "9"]
[EventCountry "IND"]
[Source "Chess Mix"]
[SourceDate "2017.12.20"]
[WhiteTeam "Bangladesh"]
[BlackTeam "Canada"]
[WhiteTeamCountry "BAN"]
[BlackTeamCountry "CAN"]

1. d4 d5 2. c4 e6 3. Nc3 Be7 4. Nf3 Nf6 5. Bg5 h6 6. Bh4 a6 7. e3 dxc4 8. Bxc4
b5 9. Bd3 Bb7 10. Bxf6 Bxf6 11. Ne4 Nd7 12. O-O O-O 13. Rc1 Rc8 14. Qe2 Qe7 15.
Nxf6+ Qxf6 16. Nd2 c5 17. Be4 Bd5 18. Bxd5 exd5 19. Nf3 c4 20. Nd2 Rfe8 21. Qf3
Qe6 22. Rfe1 f5 23. Qe2 b4 24. f3 Nf6 25. Qf2 Re7 26. Re2 Rce8 27. Rce1 a5 28.
Kf1 a4 29. Nb1 Rc8 30. a3 bxa3 31. Nxa3 Rb8 32. Nb1 Rb3 33. Nc3 a3 34. Rc1 axb2
35. Rxb2 Rxb2 36. Qxb2 Qxe3 37. Rd1 h5 38. Qb8+ Re8 39. Qb2 h4 40. Qd2 h3 41.
Qxe3 Rxe3 42. Ne2 hxg2+ 43. Kf2 Rb3 44. Kxg2 Rb2 45. Re1 Kf7 46. Kg3 g5 47. Kf2
Kg6 48. Kg1 Rc2 49. Ng3 f4 50. Ne2 Kf5 51. h3 Rd2 0-1

[Event "Olympiad U16"]
[Site "Ahmedabad IND"]
[Date "2017.12.18"]
[Round "9.3"]
[White "Ahmed, Jaza Jamal"]
[Black "Rodrigue-Lemieux, Shawn"]
[Result "1-0"]
[WhiteElo "2037"]
[BlackElo "2137"]
[PlyCount "77"]
[EventDate "2017.12.11"]
[EventType "team"]
[EventRounds "9"]
[EventCountry "IND"]
[Source "Chess Mix"]
[SourceDate "2017.12.20"]
[WhiteTeam "Iraq"]
[BlackTeam "Canada"]
[WhiteTeamCountry "IRQ"]
[BlackTeamCountry "CAN"]

1. e4 c6 2. d4 d5 3. e5 Bf5 4. h4 h5 5. c4 e6 6. Nc3 Nd7 7. cxd5 cxd5 8. Be2
Ne7 9. Bg5 Qa5 10. Nf3 Nc6 11. O-O f6 12. Bd2 Qd8 13. Bf4 a6 14. Bd3 Bxd3 15.
Qxd3 Kf7 16. Rae1 Be7 17. exf6 gxf6 18. Rxe6 Kxe6 19. Qg6 Nf8 20. Re1+ Kd7 21.
Qf5+ Ke8 22. Qxf6 Rg8 23. Ng5 Rg6 24. Qf7+ Kd7 25. Qf5+ Ke8 26. Nxd5 Rd6 27.
Qf7+ Kd7 28. Bxd6 Kxd6 29. Qf5 Bxg5 30. hxg5 Qd7 31. Qe4 Qh7 32. Qf3 Qg6 33.
Qa3+ Kd7 34. Nb6+ Kc7 35. Nxa8+ Kb8 36. Qxf8+ Ka7 37. Re8 b6 38. Rc8 a5 39. Qf6
1-0

[Event "Granby op"]
[Site "Granby CAN"]
[Date "2017.11.24"]
[Round "1"]
[White "Rodrigue-Lemieux, Shawn"]
[Black "Turcotte, Jonathan"]
[Result "1/2-1/2"]
[WhiteElo "2309"]
[BlackElo "2039"]
[PlyCount "84"]
[EventDate "2017.11.24"]
[EventType "swiss"]
[EventRounds "5"]
[EventCountry "CAN"]

1. e4 c6 2. d4 d5 3. exd5 cxd5 4. c4 Nf6 5. Nc3 Nc6 6. Nf3 Bg4 7. cxd5 Nxd5 8.
Be2 e6 9. O-O Be7 10. Bd2 Nb6 11. Be3 O-O 12. Rc1 Rc8 13. a3 Na5 14. Ne5 Bxe2
15. Qxe2 Nac4 16. Rfd1 Nxe3 17. fxe3 Nd5 18. Ne4 Nf6 19. Nc3 Nd5 20. Ne4 Nf6
21. Nd2 Qd5 22. Qd3 Rfd8 23. Rxc8 Rxc8 24. e4 Qa5 25. Rf1 Rd8 26. Ndc4 Qc7 27.
Nf3 Rc8 28. Ne3 Qb6 29. e5 Nd5 30. Nc4 Qa6 31. b3 h6 32. a4 b5 33. axb5 Qxb5
34. Nfd2 Nb4 35. Qf3 Rf8 36. Ne4 Qd5 37. Rd1 Nc6 38. Qe3 Rb8 39. h3 a5 40. Kh1
Qb5 41. Rb1 Qd5 42. Rd1 Qb5 1/2-1/2

[Event "Granby op"]
[Site "Granby CAN"]
[Date "2017.11.25"]
[Round "2"]
[White "Gauthier, Denis"]
[Black "Rodrigue-Lemieux, Shawn"]
[Result "0-1"]
[WhiteElo "1930"]
[BlackElo "2309"]
[PlyCount "66"]
[EventDate "2017.11.24"]
[EventType "swiss"]
[EventRounds "5"]
[EventCountry "CAN"]

1. d4 d5 2. c4 e6 3. Nc3 Be7 4. cxd5 exd5 5. Bf4 c6 6. e3 Bf5 7. Bd3 Bg6 8. Nf3
Nd7 9. O-O Ngf6 10. h3 O-O 11. Bxg6 hxg6 12. a3 Re8 13. b4 Nb6 14. Nd2 a5 15.
b5 c5 16. dxc5 Bxc5 17. Na4 Nxa4 18. Qxa4 Qd7 19. Rfd1 Qf5 20. Rac1 Ba7 21. Qb3
g5 22. Bc7 g4 23. hxg4 Nxg4 24. Nf3 Nxe3 25. b6 Nxd1 26. Rxd1 Bb8 27. Rxd5 Qe6
28. Qd3 Bxc7 29. bxc7 Rac8 30. Rd7 g6 31. Ng5 Qc6 32. Nxf7 Rxc7 33. Rxc7 Re1+
0-1

[Event "Granby op"]
[Site "Granby CAN"]
[Date "2017.11.25"]
[Round "3"]
[White "Rodrigue-Lemieux, Shawn"]
[Black "Zhong, Kevin"]
[Result "1-0"]
[WhiteElo "2309"]
[BlackElo "2060"]
[PlyCount "83"]
[EventDate "2017.11.24"]
[EventType "swiss"]
[EventRounds "5"]
[EventCountry "CAN"]

1. e4 c5 2. b3 e6 3. Bb2 d5 4. exd5 exd5 5. Nf3 Nf6 6. Be2 d4 7. O-O Be7 8.
Bb5+ Bd7 9. Bxd7+ Nbxd7 10. c3 dxc3 11. dxc3 O-O 12. Qc2 Qc7 13. c4 Bd6 14. h3
a6 15. Nc3 Ne5 16. Ng5 Ng6 17. Rad1 Rad8 18. Nge4 Nxe4 19. Qxe4 Rfe8 20. Qg4
Qa5 21. Ne4 Bf8 22. Nc3 Bd6 23. Nd5 Qxa2 24. Bf6 Rb8 25. Nc3 Qxb3 26. Rxd6 gxf6
27. Nd5 Red8 28. Nxf6+ Kg7 29. Nh5+ Kg8 30. Rfd1 Rxd6 31. Rxd6 Qc3 32. g3 b5
33. Qg5 Qe1+ 34. Kg2 Kf8 35. Nf6 Kg7 36. Ng4 Kf8 37. Ne3 Qb1 38. Nf5 Qe4+ 39.
Kh2 bxc4 40. Rxg6 hxg6 41. Qh6+ Ke8 42. Nd6+ 1-0

[Event "Granby op"]
[Site "Granby CAN"]
[Date "2017.11.26"]
[Round "5"]
[White "Rodrigue-Lemieux, Shawn"]
[Black "Tomb, Maroun"]
[Result "0-1"]
[WhiteElo "2309"]
[BlackElo "2238"]
[PlyCount "116"]
[EventDate "2017.11.24"]
[EventType "swiss"]
[EventRounds "5"]
[EventCountry "CAN"]

1. e4 d6 2. Nc3 Nf6 3. Bc4 c6 4. Bb3 Nbd7 5. d4 e5 6. Nf3 Be7 7. O-O O-O 8. Re1
h6 9. h3 Re8 10. Be3 Qc7 11. Nh4 Nf8 12. Qf3 Be6 13. Bxe6 Nxe6 14. dxe5 dxe5
15. Nf5 Rad8 16. Rad1 b5 17. Rxd8 Rxd8 18. Qg3 Kf8 19. Nxe7 Kxe7 20. a3 a5 21.
b4 axb4 22. axb4 Kf8 23. Ra1 Nd4 24. Bxd4 Rxd4 25. Ra8+ Ne8 26. Qf3 Qb7 27. Ra1
Rxb4 28. Qe3 Rd4 29. Ne2 Rd7 30. Qc5+ Re7 31. Nc1 Qd7 32. Nd3 Qd4 33. Ra8 Qxc5
34. Nxc5 Rc7 35. Na6 Rd7 36. Rc8 Rd1+ 37. Kh2 Ke7 38. Rxc6 Rd6 39. Rxd6 Kxd6
40. Kg3 Nc7 41. Nxc7 Kxc7 42. Kf3 Kd6 43. c3 Kc5 44. Ke3 Kc4 45. Kd2 g6 46. g4
g5 47. Kc2 b4 48. cxb4 Kxb4 49. Kd3 Kb3 50. Kd2 Kc4 51. Ke2 Kd4 52. f3 Kc3 53.
Ke3 Kc2 54. Ke2 f6 55. Kf2 Kd2 56. Kg2 Ke2 57. Kg3 Kf1 58. h4 Kg1 0-1

[Event "Mercredi 2017.10.11 ABCD"]
[Site "Montreal CAN"]
[Date "2017.10.11"]
[Round "1"]
[White "Pomerantz, Daniel"]
[Black "Rodrigue-Lemieux, Shawn"]
[Result "0-1"]
[WhiteElo "2056"]
[BlackElo "2312"]
[PlyCount "64"]
[EventDate "2017.10.11"]
[EventType "tourn"]
[EventRounds "5"]
[EventCountry "CAN"]

1. e4 c6 2. d4 d5 3. e5 Bf5 4. Nf3 e6 5. Be2 Bb4+ 6. c3 Ba5 7. O-O Nd7 8. Be3
Bc7 9. Nbd2 f6 10. exf6 Ngxf6 11. Nh4 O-O 12. Nxf5 exf5 13. Nf3 Ne4 14. h4 Qe7
15. Bd3 Ndf6 16. Qc1 Nh5 17. c4 Rac8 18. c5 h6 19. b4 Rce8 20. a4 Qf6 21. b5 f4
22. Bd2 g5 23. hxg5 hxg5 24. bxc6 bxc6 25. Bc3 g4 26. Bxe4 Rxe4 27. Ne5 Bxe5
28. dxe5 Qh4 29. Rb1 g3 30. fxg3 Nxg3 31. Re1 f3 32. Rxe4 f2# 0-1

[Event "Mercredi 2017.10.11 ABCD"]
[Site "Montreal CAN"]
[Date "2017.10.18"]
[Round "2"]
[White "Lopez Linares, Lizandro"]
[Black "Rodrigue-Lemieux, Shawn"]
[Result "0-1"]
[WhiteElo "2209"]
[BlackElo "2312"]
[PlyCount "58"]
[EventDate "2017.10.11"]
[EventType "tourn"]
[EventRounds "5"]
[EventCountry "CAN"]

1. Nf3 d5 2. c4 e6 3. d4 Nf6 4. Nc3 Be7 5. Bf4 O-O 6. e3 a6 7. Rc1 dxc4 8. Bxc4
b5 9. Bb3 Bb7 10. O-O Nbd7 11. d5 b4 12. dxe6 bxc3 13. exd7 cxb2 14. Rxc7 Be4
15. Bc2 Rb8 16. Bxe4 Nxe4 17. Qc2 Nd6 18. Nd2 h6 19. a4 Rb4 20. Nb1 Ne4 21. Rd1
Nf6 22. Rc8 Qa5 23. Bc7 Qxa4 24. Qxa4 Rxa4 25. Rxf8+ Kxf8 26. f3 Nxd7 27. Rxd7
Rc4 28. Kf2 Rc1 29. Nd2 Rc2 0-1

[Event "Mercredi 2017.10.11 ABCD"]
[Site "Montreal CAN"]
[Date "2017.10.30"]
[Round "3"]
[White "Rodrigue-Lemieux, Shawn"]
[Black "Soudre, Nicolas"]
[Result "0-1"]
[WhiteElo "2312"]
[BlackElo "2162"]
[PlyCount "88"]
[EventDate "2017.10.11"]
[EventType "tourn"]
[EventRounds "5"]
[EventCountry "CAN"]

1. e4 e6 2. d4 d5 3. Nd2 Nf6 4. e5 Nfd7 5. f4 c5 6. c3 Nc6 7. Ndf3 Qb6 8. g3
cxd4 9. cxd4 Bb4+ 10. Kf2 g5 11. fxg5 Ndxe5 12. Kg2 Nxf3 13. Nxf3 Bf8 14. Rb1
Bg7 15. b4 Nxd4 16. Be3 e5 17. Bxd4 exd4 18. Qa4+ Bd7 19. Re1+ Kd8 20. Qb3 Be6
21. Bd3 Rc8 22. a4 Rc3 23. Qb1 Qc6 24. b5 Qc5 25. Rhf1 Qa3 26. Bc2 d3 27. Bd1
d4 28. Rf2 Rc1 29. Qb2 Qc3 30. Qd2 Bd5 31. Qf4 Qxe1 32. Qxc1 Re8 33. Qa3 Be4
34. Bb3 d2 35. Qd6+ Kc8 36. a5 Be5 37. Qc5+ Kb8 38. b6 d1=Q 39. bxa7+ Ka8 40.
Bxd1 Qxd1 41. a6 Bxf3+ 42. Rxf3 Qe2+ 43. Rf2 Qxa6 44. Rxf7 Qc6+ 0-1

[Event "Mercredi 2017.10.11 ABCD"]
[Site "Montreal CAN"]
[Date "2017.11.01"]
[Round "4"]
[White "Zheng, Richard"]
[Black "Rodrigue-Lemieux, Shawn"]
[Result "0-1"]
[WhiteElo "2115"]
[BlackElo "2312"]
[PlyCount "54"]
[EventDate "2017.10.11"]
[EventType "tourn"]
[EventRounds "5"]
[EventCountry "CAN"]

1. d4 g6 2. e4 Bg7 3. Nc3 d6 4. Be3 Nd7 5. Bc4 c6 6. a4 Ngf6 7. f3 e5 8. d5 Qe7
9. a5 a6 10. Qd2 c5 11. Na4 O-O 12. Ne2 Ne8 13. h4 f5 14. Bxc5 fxe4 15. fxe4
Nxc5 16. Nxc5 Qc7 17. Na4 Qxc4 18. Nb6 Qxe4 19. Nxa8 Bg4 20. Rg1 Nf6 21. Nb6
Bh6 22. Qd3 Bxe2 23. Qxe4 Nxe4 24. Kxe2 Rf2+ 25. Kd3 Nc5+ 26. Kc4 Bd2 27. g3
Re2 0-1

[Event "Mercredi 2017.10.11 ABCD"]
[Site "Montreal CAN"]
[Date "2017.11.08"]
[Round "5"]
[White "Rodrigue-Lemieux, Shawn"]
[Black "Saha, Ananda"]
[Result "1-0"]
[WhiteElo "2312"]
[BlackElo "2133"]
[PlyCount "61"]
[EventDate "2017.10.11"]
[EventType "tourn"]
[EventRounds "5"]
[EventCountry "CAN"]

1. e4 c5 2. b3 Nc6 3. Bb2 Nf6 4. Nc3 d6 5. Nf3 a6 6. a4 g6 7. Be2 Bg7 8. d4
cxd4 9. Nxd4 O-O 10. O-O Qb6 11. Nxc6 bxc6 12. a5 Qc7 13. Bf3 Bb7 14. Qd2 c5
15. Rfe1 Nd7 16. Nd5 Bxd5 17. Bxg7 Kxg7 18. exd5 Nf6 19. g4 Rfe8 20. Ra4 Rab8
21. Qc3 Kg8 22. Bg2 Qc8 23. g5 Nh5 24. Bh3 Qb7 25. Qd3 Qa7 26. Ree4 Rb5 27. Bg4
Ng7 28. Qh3 Reb8 29. Be2 Rb4 30. Raxb4 Rxb4 31. Qc8+ 1-0

[Event "Varennes int."]
[Site "Varennes CAN"]
[Date "2017.10.06"]
[Round "1.27"]
[White "Rodrigue-Lemieux, Shawn"]
[Black "Blanchette, Rene"]
[Result "1-0"]
[WhiteElo "2151"]
[BlackElo "1758"]
[PlyCount "45"]
[EventDate "2017.10.06"]
[EventType "swiss"]
[EventRounds "5"]
[EventCountry "CAN"]

1. e4 Nf6 2. e5 Nd5 3. Nc3 Nxc3 4. dxc3 d6 5. exd6 cxd6 6. Nf3 g6 7. Bd3 Bg7 8.
Be3 Bg4 9. h3 Bxf3 10. Qxf3 Nc6 11. h4 h5 12. Bc4 O-O 13. Bf4 Qd7 14. Rg1 e5
15. Be3 Na5 16. Bd5 Rac8 17. g4 hxg4 18. Rxg4 Qf5 19. Qg2 Kh7 20. Be4 Qe6 21.
h5 f5 22. hxg6+ Kg8 23. Bd5 1-0

[Event "Varennes int."]
[Site "Varennes CAN"]
[Date "2017.10.07"]
[Round "2.12"]
[White "Ortiz Suarez, Isan Reynaldo"]
[Black "Rodrigue-Lemieux, Shawn"]
[Result "1-0"]
[WhiteElo "2528"]
[BlackElo "2151"]
[PlyCount "125"]
[EventDate "2017.10.06"]
[EventType "swiss"]
[EventRounds "5"]
[EventCountry "CAN"]

1. e4 c6 2. d4 d5 3. e5 Bf5 4. Nf3 e6 5. Be2 Bb4+ 6. c3 Ba5 7. O-O Nd7 8. Re1
Ne7 9. Nbd2 Bc7 10. Nf1 O-O 11. Ng3 Bg6 12. Nh4 c5 13. b4 cxd4 14. cxd4 Nc6 15.
Nxg6 fxg6 16. Be3 Nxb4 17. Qb3 Ba5 18. a3 Nc6 19. Qxb7 Qc8 20. Qxc8 Raxc8 21.
Rec1 Bb6 22. Bg4 Kf7 23. Ne2 Rfd8 24. Rc2 Ne7 25. Rac1 Rb8 26. h4 Nf5 27. Bg5
Re8 28. Rc7 Bxc7 29. Rxc7 Re7 30. Bxf5 gxf5 31. Rxa7 Rb1+ 32. Kh2 Rb2 33. Nf4
Nf6 34. Rxe7+ Kxe7 35. Nh5 Kf7 36. exf6 gxf6 37. Be3 Ra2 38. Nf4 Rxa3 39. g3
Ke7 40. Kg2 Kd6 41. Nh5 Ke7 42. Kf1 e5 43. Ng7 f4 44. gxf4 exf4 45. Bxf4 Rf3
46. Nh5 Rb3 47. Kg2 Ke6 48. Be3 Kf5 49. Kf3 Rb7 50. Ng3+ Ke6 51. Kg4 Rg7+ 52.
Kh5 Rd7 53. Kh6 Rb7 54. Nh5 Kf5 55. Ng7+ Ke4 56. Kxh7 f5 57. Bg5 Kxd4 58. Kg6
Ke4 59. Nxf5 Rb6+ 60. Bf6 Rb1 61. h5 Rg1+ 62. Bg5 d4 63. h6 1-0

[Event "Varennes int."]
[Site "Varennes CAN"]
[Date "2017.10.07"]
[Round "3.18"]
[White "Rodrigue-Lemieux, Shawn"]
[Black "Aubut, Jean-Philippe"]
[Result "1-0"]
[WhiteElo "2151"]
[BlackElo "1046"]
[PlyCount "71"]
[EventDate "2017.10.06"]
[EventType "swiss"]
[EventRounds "5"]
[EventCountry "CAN"]

1. e4 c5 2. Nf3 d6 3. d4 cxd4 4. Qxd4 Nc6 5. Bb5 a6 6. Bxc6+ bxc6 7. O-O e5 8.
Qd3 Nf6 9. c4 Be7 10. Nc3 O-O 11. Rd1 Qd7 12. h3 c5 13. Bg5 Bb7 14. Bxf6 Bxf6
15. Qxd6 Qxd6 16. Rxd6 Rfd8 17. Rad1 Rxd6 18. Rxd6 h6 19. Nd5 Bxd5 20. Rxd5 Rc8
21. b3 a5 22. Nxe5 Re8 23. Nd7 Rxe4 24. Nxf6+ gxf6 25. Rxc5 Re1+ 26. Kh2 a4 27.
Ra5 axb3 28. axb3 Rb1 29. Rb5 Rb2 30. f4 Kg7 31. c5 Rd2 32. b4 Rd5 33. Rb7 Kg6
34. c6 Rd8 35. c7 Rc8 36. b5 1-0

[Event "Varennes int."]
[Site "Varennes CAN"]
[Date "2017.10.08"]
[Round "4.8"]
[White "Perez Rodriguez, Luis Manuel"]
[Black "Rodrigue-Lemieux, Shawn"]
[Result "1-0"]
[WhiteElo "2368"]
[BlackElo "2151"]
[PlyCount "125"]
[EventDate "2017.10.06"]
[EventType "swiss"]
[EventRounds "5"]
[EventCountry "CAN"]

1. e4 c6 2. Nc3 d5 3. Nf3 dxe4 4. Nxe4 Nf6 5. Qe2 Qd5 6. Nxf6+ gxf6 7. h3 Bh6
8. b3 Bf5 9. c4 Qe4 10. d3 Qxe2+ 11. Bxe2 Bxc1 12. Rxc1 c5 13. d4 Nd7 14. O-O
Rg8 15. Kh2 Be4 16. Rfd1 O-O-O 17. d5 Ne5 18. Ne1 Kc7 19. f3 Bf5 20. f4 Ng6 21.
Bd3 Bc8 22. Bxg6 Rxg6 23. Rd3 Rdg8 24. Rcd1 Kd6 25. R1d2 a6 26. Re3 b6 27. Rde2
Re8 28. Nf3 h5 29. Nd2 Bf5 30. Nf3 Bc8 31. Nh4 Rgg8 32. Rb2 b5 33. Rd2 Bd7 34.
Rde2 Bc8 35. Nf3 Bf5 36. Nd2 b4 37. Re1 a5 38. Nf1 Bc2 39. R1e2 Bb1 40. Rb2 Bh7
41. Rbe2 Rh8 42. Rf2 h4 43. f5 Ref8 44. Nd2 Kd7 45. Re4 Bg8 46. Rfe2 Re8 47.
Nf3 Rh5 48. Nxh4 Bh7 49. Rf2 Ra8 50. g3 Kd6 51. Ref4 a4 52. Ng2 axb3 53. axb3
Ra3 54. g4 Rg5 55. R4f3 Rg8 56. Re3 Rga8 57. Rfe2 R8a7 58. Nf4 Ra2 59. Rxe7
Rxe7 60. Rxa2 Re3 61. Nh5 Rxb3 62. Nxf6 Ke5 63. Rd2 1-0

[Event "Varennes int."]
[Site "Varennes CAN"]
[Date "2017.10.08"]
[Round "5.15"]
[White "Rodrigue-Lemieux, Shawn"]
[Black "Johnson-Constantin, Matthieu"]
[Result "1-0"]
[WhiteElo "2151"]
[BlackElo "1829"]
[PlyCount "57"]
[EventDate "2017.10.06"]
[EventType "swiss"]
[EventRounds "5"]
[EventCountry "CAN"]

1. e4 e6 2. d4 d5 3. Nd2 Nf6 4. e5 Nfd7 5. f4 c5 6. c3 Nc6 7. Ndf3 Qb6 8. g3
Be7 9. Ne2 Ndb8 10. Bh3 Bd7 11. O-O Na6 12. Kh1 cxd4 13. Nexd4 g6 14. b4 Rc8
15. Be3 Nxd4 16. Bxd4 Qc7 17. Qd2 Bb5 18. Rf2 b6 19. a4 Bc4 20. Kg1 Nb8 21. Bg2
Qd7 22. g4 h5 23. h3 hxg4 24. hxg4 Bb3 25. f5 Nc6 26. fxg6 f6 27. Bf1 Bxa4 28.
Rxa4 Nxd4 29. Nxd4 1-0

[Event "Montreal op"]
[Site "Montreal CAN"]
[Date "2017.09.08"]
[Round "1.7"]
[White "Bouton, Christophe"]
[Black "Rodrigue-Lemieux, Shawn"]
[Result "0-1"]
[WhiteElo "2086"]
[BlackElo "2269"]
[PlyCount "68"]
[EventDate "2017.09.08"]
[EventType "swiss"]
[EventRounds "5"]
[EventCountry "CAN"]

1. c4 e6 2. g3 Nf6 3. Bg2 Be7 4. Nf3 O-O 5. O-O d5 6. d4 dxc4 7. Na3 Bxa3 8.
bxa3 Nbd7 9. a4 a5 10. Ba3 Re8 11. Rc1 Nb6 12. Bc5 Nfd7 13. Nd2 c3 14. Ne4 Nd5
15. Nxc3 Nxc3 16. Rxc3 Nf6 17. Rb3 Nd5 18. e4 Nf6 19. d5 exd5 20. exd5 Ne4 21.
Be3 Nd6 22. Rc3 Bf5 23. Qc1 Rc8 24. Bf4 Qd7 25. Rc5 Re2 26. Re1 Rxe1+ 27. Qxe1
Qxa4 28. Bxd6 cxd6 29. Rxc8+ Bxc8 30. h3 h6 31. Qc1 Bf5 32. Qc7 Qb4 33. a3 Qe1+
34. Kh2 Qxf2 0-1

[Event "Montreal op"]
[Site "Montreal CAN"]
[Date "2017.09.09"]
[Round "2.4"]
[White "Rodrigue-Lemieux, Shawn"]
[Black "Libersan, Thierry"]
[Result "1-0"]
[WhiteElo "2269"]
[BlackElo "2116"]
[PlyCount "87"]
[EventDate "2017.09.08"]
[EventType "swiss"]
[EventRounds "5"]
[EventCountry "CAN"]

1. g3 d5 2. Bg2 e6 3. Nf3 c6 4. O-O f5 5. d3 Nf6 6. Nbd2 Be7 7. b3 O-O 8. Bb2
Bd7 9. e4 fxe4 10. dxe4 Be8 11. Ng5 Bd7 12. Bh3 Qc8 13. e5 Ne8 14. Qg4 Nc7 15.
Bg2 c5 16. h4 Nc6 17. c4 d4 18. f4 Bxg5 19. hxg5 Ne7 20. Qh3 Nf5 21. g4 Ne3 22.
Be4 g6 23. Rf2 Rf7 24. b4 b6 25. Rc1 Rb8 26. Nb3 Ne8 27. bxc5 bxc5 28. Ba3 Bc6
29. Bd3 Rxb3 30. axb3 Ba8 31. Re1 Qc6 32. Bc1 Nxg4 33. Rff1 Ne3 34. Bxe3 dxe3
35. Rxe3 Ng7 36. Be4 Qc8 37. Bxa8 Qxa8 38. Qf3 Qf8 39. Rd3 Nh5 40. Qd1 Qe7 41.
Rd8+ Kg7 42. Qd6 Qb7 43. f5 gxf5 44. Qxe6 1-0

[Event "Montreal op"]
[Site "Montreal CAN"]
[Date "2017.09.10"]
[Round "4.6"]
[White "Durette, Francis"]
[Black "Rodrigue-Lemieux, Shawn"]
[Result "0-1"]
[WhiteElo "2131"]
[BlackElo "2269"]
[PlyCount "92"]
[EventDate "2017.09.08"]
[EventType "swiss"]
[EventRounds "5"]
[EventCountry "CAN"]

1. c4 g6 2. g3 Bg7 3. Bg2 e5 4. Nc3 Ne7 5. e4 O-O 6. Nge2 d6 7. O-O Nbc6 8. d3
f5 9. Be3 Be6 10. Nd5 Qd7 11. Qd2 Nc8 12. Rad1 Nd8 13. b4 fxe4 14. dxe4 c6 15.
Ndc3 Bxc4 16. Bc5 Nf7 17. a3 Nb6 18. Rfe1 Bb3 19. Rb1 Be6 20. Bxb6 axb6 21. a4
Bh6 22. Qd3 Ng5 23. b5 Rab8 24. Red1 Qf7 25. f4 Nh3+ 26. Bxh3 Bxh3 27. Rb2 Rfd8
28. Rbd2 Be6 29. Qe3 Qc7 30. Qf2 Rd7 31. Nc1 Rf8 32. Nd3 exf4 33. gxf4 Bc4 34.
Qh4 Bg7 35. Ne5 Bxe5 36. fxe5 cxb5 37. exd6 Qc5+ 38. Kg2 Qe3 39. Qg4 Qxc3 40.
Qxd7 Qf3+ 41. Kg1 Qe3+ 42. Kh1 Qxe4+ 43. Kg1 Qe3+ 44. Kh1 Be2 45. Rxe2 Qxe2 46.
Ra1 Rf1+ 0-1

[Event "Montreal op"]
[Site "Montreal CAN"]
[Date "2017.09.10"]
[Round "5.4"]
[White "Rodrigue-Lemieux, Shawn"]
[Black "Dukic, Zachary"]
[Result "1-0"]
[WhiteElo "2269"]
[BlackElo "2254"]
[PlyCount "93"]
[EventDate "2017.09.08"]
[EventType "swiss"]
[EventRounds "5"]
[EventCountry "CAN"]

1. e4 e6 2. d4 d5 3. Nd2 Nf6 4. e5 Nfd7 5. f4 c5 6. c3 Nc6 7. Ndf3 Be7 8. Bd3
O-O 9. h4 f5 10. Nh3 Bxh4+ 11. g3 Bxg3+ 12. Kf1 h6 13. Nhg1 cxd4 14. cxd4 Nxd4
15. Nxd4 Nxe5 16. fxe5 Bxe5 17. Ndf3 Bc7 18. Qe1 Qf6 19. Bd2 e5 20. Bc3 d4 21.
Bb4 Rd8 22. Rc1 Bb8 23. Qh4 Qxh4 24. Nxh4 e4 25. Bc4+ Kh7 26. Bf7 Bd6 27. Nh3
g5 28. Bxd6 Rxd6 29. Rc7 Bd7 30. Bg6+ Kg8 31. Rg1 Rc8 32. Rxc8+ Bxc8 33. Ke1
Rf6 34. Nf4 Kf8 35. Bxf5 Bxf5 36. Nxf5 Rxf5 37. Ne6+ Ke7 38. Nxd4 Rd5 39. Nb3
Kf6 40. Ke2 Ke5 41. Nd2 b5 42. Rh1 Rd6 43. Rh3 Kf4 44. Rh1 Ke5 45. Nf1 Kf5 46.
Ne3+ Kg6 47. Rxh6+ 1-0

[Event "Mercredi 2017.08.30 ABCD"]
[Site "Montreal CAN"]
[Date "2017.09.06"]
[Round "2"]
[White "Rodrigue-Lemieux, Shawn"]
[Black "Leveille, Francois"]
[Result "1-0"]
[WhiteElo "2269"]
[BlackElo "2307"]
[PlyCount "57"]
[EventDate "2017.08.30"]
[EventType "tourn"]
[EventRounds "5"]
[EventCountry "CAN"]

1. e4 c5 2. b3 Nf6 3. Nc3 Nc6 4. Bb2 d6 5. Nf3 e6 6. Be2 Be7 7. O-O O-O 8. d4
cxd4 9. Nxd4 Bd7 10. Kh1 a6 11. a4 Qb6 12. Nxc6 Bxc6 13. Bd3 Rad8 14. Qe2 Qc5
15. f4 Qh5 16. Rf3 Rfe8 17. Qf1 Qa5 18. Re1 Rf8 19. Rh3 g6 20. e5 Nd5 21. Nxd5
Qxd5 22. Qe2 b5 23. c4 bxc4 24. bxc4 Qa5 25. exd6 Bxd6 26. Bxg6 fxg6 27. Qxe6+
Rf7 28. Qxg6+ Kf8 29. Qh6+ 1-0

[Event "Mercredi 2017.08.30 ABCD"]
[Site "Montreal CAN"]
[Date "2017.09.13"]
[Round "3"]
[White "Cloutier, Mathieu"]
[Black "Rodrigue-Lemieux, Shawn"]
[Result "1-0"]
[WhiteElo "2142"]
[BlackElo "2269"]
[PlyCount "69"]
[EventDate "2017.08.30"]
[EventType "tourn"]
[EventRounds "5"]
[EventCountry "CAN"]

1. e4 c6 2. d4 d5 3. Nc3 dxe4 4. Nxe4 Nf6 5. Nxf6+ exf6 6. c3 Bd6 7. Nf3 O-O 8.
Bd3 Re8+ 9. Be3 Nd7 10. O-O Nf8 11. Qc2 Ng6 12. Rae1 Qa5 13. Bf4 Be7 14. Bg3
Qxa2 15. Nh4 Qd5 16. Nf5 Be6 17. h4 Qd7 18. Re3 c5 19. Nxe7+ Rxe7 20. dxc5 a5
21. Bd6 Ree8 22. h5 Nf8 23. Rg3 Bg4 24. h6 g6 25. f3 Be6 26. Re1 a4 27. Qf2 Bf5
28. f4 Rxe1+ 29. Qxe1 Bxd3 30. Rxd3 Qf5 31. Re3 Ne6 32. Qe2 Qd5 33. c4 Qd4 34.
Kh2 Re8 35. Re4 1-0